000
00305nam a22001337a 4500
008
170807b xxu||||| |||| 00| 0 eng d
020
_a
9780262192972
041
_a
eng
080
_a
004
100
_a
33
101
_a
SHK
245
_a
CONCURRENT CONSTRAINT PROGRAMMING
_c
SARASWAT,V.A
942
_2
udc
_c
BK
999
_c
22779
_d
22779